• 首页
  • 本馆介绍
  • 公告通知
  • 最新文献
  • 馆藏检索
  • 电子资源
  • 读者导购
  • 参考咨询
  • 我的图书馆
  • 登录
  • 详细信息显示
  • 放入我的书架
  • 预约/预借图书
  • 作者相关作品
  • 分类相关作品
  • 丛书相关作品
  • 出版社相关作品

书目信息

  • 表格格式
  • 工作单格式
  • 卡片格式
题名:
饭店插花艺术
    
 
作者: 严明明 , 王冬琴 主编
分册:  
出版信息: 北京   高等教育出版社  2010
页数: 193页
开本: 25cm
丛书名:
单 册:
中图分类: J525.1
科图分类:
主题词: 饭店--插花--中等专业教育--教材 , 饭店 , 插花
电子资源:
ISBN: 978-7-04-030009-3
000 00993nam0 2200289 45
001 1356814734
005 20130515100223.73
010    @a978-7-04-030009-3@dCNY29.80
100    @a20130108d2010 em y0chiy0110 ea
101 0  @achi
102    @aCN@b110000
105    @aa z 000yy
106    @ar
200 1  @a饭店插花艺术@AFan Dian Cha Hua Yi Shu@f严明明,王冬琴主编@FYan Ming Ming, Wang Dong Qin Zhu Bian
205    @a2版
210    @a北京@c高等教育出版社@d2010
215    @a193页@c图@d25cm
300    @a中等职业教育国家规划教材配套教学用书 旅游行业岗位技能培训教材
330    @a本书共分六个模块,内容包括:茶花的基本知识、饭店客房花艺布置、饭店餐厅花艺布置、饭店会议室花艺布置、饭店前厅花艺布置、花艺创新欣赏。
606 0  @a饭店@x插花@x中等专业教育@j教材
606 0  @a饭店
606 0  @a插花
690    @aJ525.1@v5
701  0 @a严明明@AYan Ming Ming@4主编
701  0 @a王冬琴@AWang Dong Qin@4主编
801    @aCN@bTANGWEI@c20130108
905    @b0829866-70@dJ525.1@e317=2@f5
    
    饭店插花艺术/严明明,王冬琴主编.-2版.-北京:高等教育出版社,2010
    193页:图;25cm
    中等职业教育国家规划教材配套教学用书 旅游行业岗位技能培训教材
    
    ISBN 978-7-04-030009-3:CNY29.80
    本书共分六个模块,内容包括:茶花的基本知识、饭店客房花艺布置、饭店餐厅花艺布置、饭店会议室花艺布置、饭店前厅花艺布置、花艺创新欣赏。
●
相关链接 在E读中查询图书 在五车中查询图书 在当当中查询图书 在豆瓣中查询图书


正题名:饭店插花艺术     索取号:J525.1/317=2         预约/预借

序号 登录号 条形码 馆藏地/架位号 状态 备注
1 0829866   208298661   第一样本阅览室/ [索取号:J525.1/317=2] 在馆    
2 0829867   208298670   第一借阅区/ [索取号:J525.1/317=2] 在馆    
3 0829868   208298689   第一借阅区/ [索取号:J525.1/317=2] 在馆    
4 0829869   208298698   密集书库-美术系/ [索取号:J525.1/317=2] 在馆    
5 0829870   208298705   密集书库-美术系/ [索取号:J525.1/317=2] 在馆    
唐山师范学院图书馆 欢迎您!
大连网信软件有限公司© 版权所有